Genshin Impact de la A a la Z - Statistics

General Stats
  • This quiz has been taken 41 times
  • The average score is 17 of 26
Answer Stats
Letra Pista Respuesta % Correct
F Organización diplomática que tiene origen en Snezhnaya Fatui
86%
H El poder elemental del agua Hydro
86%
J La persona a la cabeza de los Caballeros de Favonius actualmente Jean
86%
Q Niña que murió y fue revivida por los Adeptus Qiqi
86%
N La nación de la guerra Natlan
83%
P Comida de emergencia Paimon
83%
D Dragón que invadió Mondstadt hace 500 años y fue derrotado por Dvalin Durin
79%
M La moneda mayormente usada en Teyvat Mora
79%
G Objeto similar a una pieza de ajedrez relacionado con los arcontes Gnosis
76%
T Nombre del continente que recorremos Teyvat
76%
A Dragón soberano Dendro Apep
72%
K La nación destruida hace 500 años Khaenriah
72%
Z Nombre que utiliza el arconte geo para mezclarse entre los humanos Zhongli
72%
B Dios de la libertad Barbatos
69%
C Misteriosa isla flotante Celestia
66%
I Arbol conectado a las líneas ley donde se guarda toda la información de Teyvat Irminsul
66%
R Miembro del Aquelarre, creadora de Albedo Rhinedottir
59%
W Isla perteneciente a la nación de Inazuma, que destaca por sus corales Watatsumi
59%
Y Reconocida abogada de Liyue Yanfei
55%
E Padre de las Melusinas Elynas
52%
U Toro mascota de la Banda de Arataki Itto Ushi
52%
S Antigua civilización, hoy solo quedan sus espíritus para guiarte a cofres Seelie
48%
X El primer arconte de Natlan Xbalanque
45%
O Antiguo dios y monstruo marino de varias cabezas Osial
38%
L Uno de los 5 tipos de armas Lanza
28%
V Reacción elemental creada por el contacto de hydro y pyro Vaporizado
21%
No matching quizzes found
Score Distribution
Percent of People with Each Score
Percentile by Number Answered
Your Score History
You have not taken this quiz